书目信息 |
| 题名: |
唢呐
|
|
| 作者: | 李月萍 , 李月萍 主编 | |
| 分册: | ||
| 出版信息: | 长春 吉林文史出版社 2006 |
|
| 页数: | 187页 | |
| 开本: | 20cm | |
| 丛书名: | 中外艺术精粹 | |
| 单 册: | ||
| 中图分类: | J632.14 | |
| 科图分类: | ||
| 主题词: | 唢呐--吹奏法 , 唢呐 , 吹奏法 | |
| 电子资源: | ||
| ISBN: | 7-80702-248-5 | |
| 000 | 00861oam2 2200289 45 | |
| 001 | 012006042901 | |
| 005 | 20061218103211.73 | |
| 010 | @a7-80702-248-5@dCNY29.80 | |
| 092 | @aCN@b492771 | |
| 100 | @a20060429d2006 em y0chiy0120 ea | |
| 101 | 0 | @achi |
| 102 | @aCN@b220000 | |
| 105 | @aa z 000yy | |
| 200 | 1 | @a唢呐@Asuo na@f李月萍主编@Fli yue ping zhu bian |
| 210 | @a长春@c吉林文史出版社@c吉林音像出版社@d2006 | |
| 215 | @a187页@c图@d20cm | |
| 225 | 2 | @a中外艺术精粹 |
| 330 | @a本书主要唢呐介绍了简介以及基本入门知识,基本技巧练习以及基本的练习曲,以及名家简介等内容。 | |
| 461 | 0 | @12001 @a中外艺术精粹 |
| 606 | 0 | @a唢呐@x吹奏法 |
| 606 | 0 | @a唢呐 |
| 606 | 0 | @a吹奏法 |
| 690 | @aJ632.14@v4 | |
| 701 | 0 | @a李月萍@9li yue ping@4主编 |
| 701 | 0 | @a李月萍@Ali yue ping@4主编 |
| 801 | 0 | @aCN@bLZJBOOK@c20061218 |
| 905 | @a10447@dJ632.14@e46 | |
| 唢呐/李月萍主编.-长春:吉林文史出版社:吉林音像出版社,2006 |
| 187页:图;20cm.-(中外艺术精粹) |
| ISBN 7-80702-248-5:CNY29.80 |
| 本书主要唢呐介绍了简介以及基本入门知识,基本技巧练习以及基本的练习曲,以及名家简介等内容。 |
| ● |
| 相关链接 |
|
|
|
|
正题名:唢呐
索取号:J632.14/46
 
预约/预借
| 序号 | 登录号 | 条形码 | 馆藏地/架位号 | 状态 | 备注 |
| 1 | 0561303 | 205613031 | 第一样本阅览室/ [索取号:J632.14/46] | 在馆 | |
| 2 | 0561304 | 205613040 | 第一借阅区/ [索取号:J632.14/46] | 在馆 | |
| 3 | 0561305 | 205613059 | 第一借阅区/ [索取号:J632.14/46] | 在馆 | |
| 4 | 0561306 | 205613068 | 第一借阅区/ [索取号:J632.14/46] | 在馆 | |
| 5 | 0561307 | 205613077 | 第一借阅区/ [索取号:J632.14/46] | 在馆 | |
| 6 | 0561308 | 205613086 | 第一借阅区/ [索取号:J632.14/46] | 在馆 | |
| 7 | 0561309 | 205613095 | 第一借阅区/ [索取号:J632.14/46] | 在馆 |